000 00347nam a2200133Ia 4500
005 20260326100045.0
008 260326s9999||||xx |||||||||||||| ||und||
100 _aDe la Maza, Francisco
245 0 _aLa capilla de San José Chiapa /
_cFrancisco De la Maza
260 _bEdimex
300 _a63 p.
650 _aARQUITECTURA REGIONAL
942 _cBK
999 _c7161
_d7161